| 000 | 00566cam a2200193 4500500 | ||
|---|---|---|---|
| 005 | 20260405001755.0 | ||
| 041 | _afre | ||
| 042 | _adc | ||
| 100 | 1 | 0 |
_aLacroix, Alexandre _eauthor |
| 245 | 0 | 0 | _aUn match de boxe intérieur |
| 260 | _c2014. | ||
| 500 | _a86 | ||
| 690 | _aAcrasie | ||
| 690 | _aJohn Perry | ||
| 690 | _aProcrastination | ||
| 690 | _aVolonté | ||
| 786 | 0 | _nPhilosophie magazine | 81 | 7 | 2014-07-01 | p. 25-26 | 1951-1787 | |
| 856 | 4 | 1 | _uhttps://shs.cairn.info/magazine-philosophie-magazine-2014-7-page-25?lang=fr&redirect-ssocas=7080 |
| 999 |
_c2050956 _d2050956 |
||